The letters of Queen Victoria : (Record no. 25104)
[ view plain ]
| 000 -LEADER | |
|---|---|
| fixed length control field | 01338cam a22003011 4500 |
| 001 - CONTROL NUMBER | |
| control field | 25104 |
| 003 - CONTROL NUMBER IDENTIFIER | |
| rucl marc code | BD-RjUL |
| 005 - DATE AND TIME OF LATEST TRANSACTION | |
| control field | 20211209050830.0 |
| 008 - FIXED-LENGTH DATA ELEMENTS--GENERAL INFORMATION | |
| fixed length control field | 140316s1908 enkcj 000 0 eng d |
| 035 ## - SYSTEM CONTROL NUMBER | |
| System control number | (BD-RjUL)25173 |
| System control number | (OCoLC)653712 |
| 040 ## - CATALOGING SOURCE | |
| Original cataloging agency | DLC |
| Transcribing agency | OKentU |
| Modifying agency | OCoLC |
| -- | ICIU |
| -- | OCoLC |
| -- | DLC |
| -- | BD-RjUL |
| Language of cataloging | eng |
| 041 ## - LANGUAGE CODE | |
| Language code of text/sound track or separate title | eng |
| 082 00 - DEWEY DECIMAL CLASSIFICATION NUMBER | |
| Classification number | 942.08 |
| Author mark and year | VIL V-1 1908 |
| 100 0# - MAIN ENTRY--PERSONAL NAME | |
| Personal name | Victoria, |
| Dates associated with a name | 1819-1901. |
| 9 (RLIN) | 77249 |
| 245 14 - TITLE STATEMENT | |
| Title | The letters of Queen Victoria : |
| Remainder of title | a selection from Her Majesty's correspondence between the years 1837 and 1861, published by authority of His Majesty the king / |
| Statement of responsibility, etc. | ed. by Arthur Christopher Benson, M.A. and Viscount Esher ... |
| Number of part/section of a work | Volume I : |
| Name of part/section of a work | 1839-1861 |
| 260 ## - PUBLICATION, DISTRIBUTION, ETC. (IMPRINT) | |
| Place of publication, distribution, etc. | London : |
| Name of publisher, distributor, etc. | J. Murray, |
| Date of publication, distribution, etc. | 1908. |
| 300 ## - PHYSICAL DESCRIPTION | |
| Pagination | 512p. : |
| Illustrations | 40 port. (incl. fronts.) 4 fold. geneal. tab. ; |
| Size | 23 cm. |
| 505 0# - FORMATTED CONTENTS NOTE | |
| Formatted contents note | I. 1837-1843.--II. 1844-1853.--III. 1854-1861. |
| 651 #0 - SUBJECT ADDED ENTRY--GEOGRAPHIC NAME | |
| Geographic name | Great Britain |
| General subdivision | History |
| Chronological subdivision | Victoria, 1837-1901 |
| General subdivision | Sources. |
| 9 (RLIN) | 77212 |
| Geographic name | Great Britain |
| General subdivision | Politics and government |
| Chronological subdivision | 1837-1901. |
| 9 (RLIN) | 10732 |
| Geographic name | Europe |
| General subdivision | Politics and government |
| Chronological subdivision | 1848-1871. |
| 9 (RLIN) | 76074 |
| 700 1# - ADDED ENTRY--PERSONAL NAME | |
| Personal name | Benson, Arthur Christopher, |
| Dates associated with a name | 1862-1925, |
| Relator term | ed. |
| Personal name | Esher, Reginald Baliol Brett, |
| Dates associated with a name | 1852-1930. |
| 942 ## - ADDED ENTRY ELEMENTS (KOHA) | |
| Source of classification or shelving scheme | Dewey Decimal Classification |
| Koha item type | Books |
| Lost status | Source of classification or shelving scheme | Damaged status | Not for loan | Collection code | Permanent Location | Current Location | Shelving location | Date acquired | Source of acquisition | Cost, normal purchase price | Total Checkouts | Full call number | Date last seen | Copy number | Koha item type |
|---|---|---|---|---|---|---|---|---|---|---|---|---|---|---|---|
| Dewey Decimal Classification | Added to bundle | Non-fiction | Central Library, University of Rajshahi | Central Library, University of Rajshahi | Reading Room | 02/09/1957 | B. H. Black Well | 15.00 | 942.08 VIL V-1 1908 | 16/03/2014 | C-1 | Books |